NR: Plans for the future (Record no. 64204)

MARC details
000 -LEADER
fixed length control field 00317nam a2200133Ia 4500
245 #0 - TITLE STATEMENT
Title NR: Plans for the future
260 ## - PUBLICATION, DISTRIBUTION, ETC. (IMPRINT)
Name of publisher Rubber Asia
Year of publication 2014
300 ## - PHYSICAL DESCRIPTION
Number of Pages 174-176
500 ## - GENERAL NOTE
General note Source Year: 2014
650 ## - SUBJECT ADDED ENTRY--TOPICAL TERM
Topical Term Natural rubber
650 ## - SUBJECT ADDED ENTRY--TOPICAL TERM
Topical Term Sri Lanka
942 ## - ADDED ENTRY ELEMENTS (KOHA)
Koha item type Journals
Holdings
Withdrawn status Lost status Damaged status Not for loan Home library Current library Shelving location Date acquired Serial Enumeration / chronology Koha item type
      Journals RRII Library RRII Library Economics 30/09/2014 Volume 29, Issue 4 Journals